1666 1944 1045 1505 1397 1300 1885 1298 1169 1736 1673 1075 1512 1415 1031 1290 1936 1926 1338 1252 1609 1154 1258 1038 1377 1997 1286 1727 1112 1427 1681 1842 1953 1597 1198 1025 1401 1299 1632 1086 1112 1058 1155 1197 1927 1412 1343 1224 1022 1587 1671 1027 1792 1732 1665 1432 1902 1176 1275 1325 1999 1810 1993 1638 1855 1234 1837 1597 1588 1052 1147 1029 1976 1105 1579 1453 1169 1920 1296 1175 1782 1676 1672 1247 1602 1513 1785 1798 1748 1011 1335 1904 1727 1665 1380 1173 1250 1780 1122 BCNSPRNW ULIB Ver.6.0+V

เปลี่ยนเป็นภาษาไทย

Change to English
 แสดงรายละเอียดบรรณานุกรม
  กลับหน้าหลัก

Brief Record : Get Marc (ISO 2709) : E-mail record : QR code < ปิดหน้าต่าง
LEADER : 00000nam 2200000uu 4500
001    13399111504
003     ULIB
008    110629s2552||||th 000 0 tha d
020    9789749510339
060 04 QV4^bณ863ภ
245 00 เภสัชวิทยา: เนื้อหาสำคัญและแบบฝึกหัด =^bPharmacology:principles and exercises /^cบรรณาธิการ, ณัฐวุธ สิบหมู่ ; ภาควิชาเภสัชวิทยา คณะวิทยาศาสตร์ มหาวิทยาลัยมหิดล
246 31 Pharmacology: principles and exercises
250    พิมพ์ครั้งที่ 1
260    กรุงเทพฯ :^bโฮลิสติก พับลิชชิ่ง,^c2552
300    884 หน้า :^bภาพประกอบ ;^c30 ซม.
650  7 เภสัชวิทยา
650  7 การใช้ยา
700 0  ณัฐวุธ สิบหมู่,^eบรรณาธิการ
710 2  มหาวิทยาลัยมหิดล. ^bคณะวิทยาศาสตร์. ^bภาควิชาเภสัชวิทยา
945    ^p600^l0^i16255
995    กัณชพร
999    ^aใช้งานได้ทุกระบบ
รายการนี้ยังไม่มีแท็ก
คุณยังไม่ได้ล็อกอิน คุณสามารถมีกิจกรรมร่วมกับเว็บไซต์ได้ แต่ต้องล็อกอินก่อน ::
  ล็อกอิน

รายการสื่อสารสนเทศ

ลำดับที่ ประเภท เลขเรียก/บาร์โค้ด สถานที่ สถานะ
- ไม่พบข้อมูล -

รายการใกล้เคียง
    หัวเรื่อง [เภสัชวิทยา]
    หัวเรื่อง [การใช้ยา]

BibComment


ยังไม่เคยถูกคอมเมนท์

คอมเมนท์ทรัพยากรรายการนี้
  คอมเมนท์: เภสัชวิทยา เนื้อห..


 Copyright 2026. Bcnsprnw @Library